Uplatňovanie DPH v cestovných kanceláriách v roku 2018
Právna úprava založená na zdanení prirážky podľa smernice DPH. Vlastná služba cestovnej kancelárie. Osobitná úprava zdaňovania pri službách cestovného ruchu podľa slovenského zákona o DPH. Ilutračné príklady.
Uložené v:
| Hlavný autor: | |
|---|---|
| Médium: | Kapitola |
| Jazyk: | Slovak |
| Predmet: | |
| Tagy: |
Žiadne tagy, Buďte prvý, kto otaguje tento záznam!
|
MARC
| LEADER | 00000naa a2200000 4500 | ||
|---|---|---|---|
| 001 | 0243066 | ||
| 005 | 20180523073130.3 | ||
| 041 | 0 | |a slo | |
| 044 | |a SK | ||
| 245 | 1 | 0 | |a Uplatňovanie DPH v cestovných kanceláriách v roku 2018 |c Jaroslava Betáková |
| 520 | |a Právna úprava založená na zdanení prirážky podľa smernice DPH. Vlastná služba cestovnej kancelárie. Osobitná úprava zdaňovania pri službách cestovného ruchu podľa slovenského zákona o DPH. Ilutračné príklady. | ||
| 610 | 2 | 0 | |a úpravy právne |
| 610 | 2 | 0 | |a dane z hodnoty pridanej |
| 610 | 2 | 0 | |a kancelárie cestovné |
| 610 | 2 | 0 | |a ruch cestovný |
| 610 | 2 | 0 | |a podnikatelia |
| 610 | 2 | 0 | |a zdaňovanie |
| 100 | 1 | |a Betáková, Jaroslava | |